| 000 | 00438nam a2200205Ia 4500 | ||
|---|---|---|---|
| 001 | 11942 | ||
| 003 | GE_BSU | ||
| 008 | 181216s||||||||xx |||||||||||||| ||und|| | ||
| 020 | _a9780751534894 | ||
| 040 | _cGE_BSU | ||
| 080 | _a821.111-32 | ||
| 100 | _aBillingham,Mark | ||
| 245 | 4 | _aThe burning girl | |
| 260 | _aLondon | ||
| 260 | _bSphere. | ||
| 260 | _c2004. | ||
| 300 | _a436p;18cm. | ||
| 653 | _aThe burning girl | ||
| 942 | _cBK | ||
| 999 |
_c45119 _d45119 |
||